Score 0/12 Timer 05:00
0 Plays Today
Plot TV Show % Correct
Sheldon and Leonard meet their new neighbor Penny while working for a search engineThe Bing Bang Theory
85.4%
The life of Ricky Ricardo and his little green cereal-promoting LeprechaunI Love Lucky
76.1%
Tommy Pickles, Chuckie, Lil and Phil struggle with addictions to narcoticsDrugrats
70.8%
Walt and Jesse give up on meth and decide to perform ShakespeareBreaking Bard
66.1%
Nancy quits selling pot and decides to sell woollen jacketsTweeds
63.4%
The Misadventures of Archie and Edith, who are now doubled in heightTall in the Family
62%
Jess's relationship with Nick and Winston becomes strained after she fills their apartment with salamandersNewt Girl
61.3%
Stephen King's evil clown hangs out with Ted, Barney, Robin, Marshall, and LilyHow It Met Your Mother
56.8%
At the begging of the Dowager Countess, the Crawley family moves their home to the center of LondonDowntown Abbey
56.4%
The administration of Jed Bartlet oscillating on a playground stapleThe West Swing
52.2%
When Sterling Cooper goes under, Don Draper and company decide to become tailorsMad Mend
44.3%
Stabler and Benson solve crimes in NYC...right after they eat some Dutch cabbage saladSlaw and Order: SVU
37.9%
Remove Ads.
Support Sporcle.
Get the best of Sporcle when you Go Orange. This ad-free experience offers more features, more stats, and more fun while also helping to support Sporcle. Thank you for becoming a member.

You're not logged in!

Compare scores with friends on all Sporcle quizzes.
OR
Log In

Show Comments

Extras

Top Quizzes Today


Score Distribution

Your Account Isn't Verified!

In order to create a playlist on Sporcle, you need to verify the email address you used during registration. Go to your Sporcle Settings to finish the process.

Report this User

Report this user for behavior that violates our Community Guidelines.

Details: